Portugalia 1:0 Francja Finał EURO 2016 XI - Statystyki

Ogólne statystyki
  • Ten quiz został rozwiązany 168 razy
  • Średni wynik to 17 z 30
Statystyki odpowiedzi
POR/FRA # piłkarz % Poprawnych
N (C) 7 Cristiano Ronaldo
97%
FRA B (C) 1 Hugo Lloris
89%
POR B 1 Rui Patricio
89%
ŚO 3 Pepe
87%
N 7 Antoine Griezmann
83%
N 9 Olivier Giroud
81%
ŚP 15 Paul Pogba
81%
3 zmiana 79' 9 Eder
75%
N 17 Nani
70%
1 zmiana 25' 20 Ricardo Quaresma
63%
selekcjoner - Didier Deschamps
58%
LP 8 Dimitri Payet
58%
ŚO 22 Samuel Umtiti
57%
ŚPD 14 William Carvalho
56%
selekcjoner - Fernando Santos
54%
PP 16 Renato Sanches
53%
2 zmiana 66' 8 Joao Moutinho
52%
ŚO 21 Laurent Koscielny
51%
ŚP 23 Adrien Silva
50%
ŚP 14 Blaise Matuidi
50%
LO 3 Patrice Evra
50%
ŚO 4 Jose Fonte
46%
PO 21 Cedric
39%
1 zmiana 58' 20 Kingsley Coman
37%
LO 5 Raphael Guerreiro
37%
PO 19 Bacary Sagna
32%
PP 18 Moussa Sissoko
29%
LP 10 Joao Mario
28%
2 zmiana 78' 10 Andre Pierre Gignac
25%
3 zmiana 110' 11 Anthony Martial
19%
Nie znaleziono quizów pasujących do podanych kryteriów
Rozkład punktacji
Procent ludzi z każdym wynikiem
Percentyl według liczby udzielonych odpowiedzi
Twoja historia wyników
Nie rozwiązałeś tego quizu